00744nam a22002297a 450000500170000001000110001702000100002803500110003803700160004904000120006508200150007710000280009224500620012026000400018227000500022230000200027265000240029265000350031694200240035199900190037595201200039420170124105958.0 a989033 c00.00 a989033 bCen Lib/Ret aDPLbEN a347.7bRAO aRao, K. Venkoba 989399 aVenkoba Rao's commercial references /cby K. Venukoba Rao aCalcutta bEastern Law House c1980 a54, Ganesh Chunder Avenue bCalcutta e700013 a1506p.c19cmHb) aConstitution989400 aFundamental assumption 989401 2ddccENh374.7mRAO c125683d125683 00104070aLbLd2015-06-23eCen Lib/Retg0.00l0o347.7 RAOp989033r2015-06-23 00:00:00t1v0.00w2015-06-23yEN